<?xml version="1.0" encoding="UTF-8"?>
<record
    xmlns:xsi="http://www.w3.org/2001/XMLSchema-instance"
    xsi:schemaLocation="http://www.loc.gov/MARC21/slim http://www.loc.gov/standards/marcxml/schema/MARC21slim.xsd"
    xmlns="http://www.loc.gov/MARC21/slim">

  <leader>00994nam a2200253 i 4500</leader>
  <controlfield tag="001">18896</controlfield>
  <controlfield tag="003">ES-MaACL</controlfield>
  <controlfield tag="005">20230906151941.0</controlfield>
  <controlfield tag="007">t|</controlfield>
  <controlfield tag="008">020410s2001    sp           ||||1| spa d</controlfield>
  <datafield tag="020" ind1=" " ind2=" ">
    <subfield code="a">84-87311-19-9</subfield>
  </datafield>
  <datafield tag="080" ind1=" " ind2=" ">
    <subfield code="a">930.255(460.27 M.)</subfield>
  </datafield>
  <datafield tag="080" ind1=" " ind2=" ">
    <subfield code="a">946.025(093)</subfield>
  </datafield>
  <datafield tag="100" ind1="1" ind2=" ">
    <subfield code="a">Rodr&#xED;guez-Mo&#xF1;ino Soriano, Rafael.</subfield>
    <subfield code="9">98682</subfield>
  </datafield>
  <datafield tag="245" ind1="1" ind2="0">
    <subfield code="a">Documentos y expedientes sobre la historia de Extremadura en los fondos contempor&#xE1;neos del Archivo Hist&#xF3;rico Nacional </subfield>
    <subfield code="b">: (Relaci&#xF3;n de los mismos. Breves an&#xE1;lisis) / </subfield>
    <subfield code="c">Rafael Rodr&#xED;guez-Mo&#xF1;ino Soriano.</subfield>
  </datafield>
  <datafield tag="260" ind1=" " ind2=" ">
    <subfield code="a">Madrid : </subfield>
    <subfield code="b">Beturia, </subfield>
    <subfield code="c">2001.</subfield>
  </datafield>
  <datafield tag="300" ind1=" " ind2=" ">
    <subfield code="a">75 p. : </subfield>
    <subfield code="b">XII il. ; </subfield>
    <subfield code="c">21 cm.</subfield>
  </datafield>
  <datafield tag="490" ind1="1" ind2=" ">
    <subfield code="a">Cuadernos de Beturia ; </subfield>
    <subfield code="v">3</subfield>
  </datafield>
  <datafield tag="610" ind1="2" ind2="7">
    <subfield code="a">Archivo Hist&#xF3;rico Nacional (Espa&#xF1;a). </subfield>
    <subfield code="b">Secci&#xF3;n de Fondos Contempor&#xE1;neos-</subfield>
    <subfield code="v">Cat&#xE1;logos.</subfield>
    <subfield code="9">1452</subfield>
  </datafield>
  <datafield tag="651" ind1=" " ind2="4">
    <subfield code="a">Extremadura-</subfield>
    <subfield code="x">Historia-</subfield>
    <subfield code="v">Fuentes.</subfield>
    <subfield code="9">8646</subfield>
  </datafield>
  <datafield tag="830" ind1="0" ind2=" ">
    <subfield code="a">Cuadernos de Beturia ; </subfield>
    <subfield code="v">3</subfield>
    <subfield code="9">228840</subfield>
  </datafield>
  <datafield tag="852" ind1=" " ind2=" ">
    <subfield code="a">ES-MaACL</subfield>
    <subfield code="j">L-25420 </subfield>
    <subfield code="b">R.131169</subfield>
  </datafield>
  <datafield tag="999" ind1=" " ind2=" ">
    <subfield code="c">18896</subfield>
    <subfield code="d">18896</subfield>
  </datafield>
  <datafield tag="952" ind1=" " ind2=" ">
    <subfield code="0">0</subfield>
    <subfield code="1">0</subfield>
    <subfield code="4">0</subfield>
    <subfield code="7">0</subfield>
    <subfield code="a">ATENEOM</subfield>
    <subfield code="b">ATENEOM</subfield>
    <subfield code="c">DEPO2</subfield>
    <subfield code="d">2008-01-17</subfield>
    <subfield code="e">SC</subfield>
    <subfield code="l">0</subfield>
    <subfield code="o">L-25420</subfield>
    <subfield code="p">1019334</subfield>
    <subfield code="r">2023-02-23 00:00:00</subfield>
    <subfield code="w">2023-02-23</subfield>
    <subfield code="y">MONOGRAFIA</subfield>
  </datafield>
</record>
